000 00813cam a2200229 4500
008 090401t1988 xxu||||| |||| 00| 0 eng d
020 _a0906182387
035 _a(Sirsi) u17757
041 _aeng
050 _a690.24
110 _aBuilding Maintenance Information Ltd
_92307
245 _aHospital occupancy costs . Part 1: occupancy cost analyses
260 _aKingston upon Thames
_bBuilding Maintenance Information Ltd
_c1988
300 _a67p. ; 30cm.
350 _a28.65
490 _aSerial
_v170 : BMI Special Report
520 _aThis item is part of a subscription service and cannot be photocopied. Neither can any part of it be read out over the phone. Please contact BMI direct on 0171-222-7000 for details.
650 _aBMI
650 _aHOSPITALS
942 _n0
948 _c04/03/1997
999 _c87545
_d87545